LEADER 00695nam a2200181 i 4500 001 000000057461 003 CaOOAMICUS 005 19971008000000.0 008 971008n xx u000 u eng u 013 $a28633 040 $aSeMil$bita 100 1 $aFranks, Gabriel .$0(OLS)http://semarc/name/29219 245 14$aThe ethical theory of George Edward Moore. 600 14$aMoore, George Edward <1873-1958>.$0(OLS)http://semarc/subject/11401 650 4$aTesi di laurea.$0(OLS)http://semarc/subject/1690 850 $aSeMil 852 $aSeMil$W1$xVenegono$y1$m2I V 317$j23615$B23615$CSeMilBibl$Z2$F23617 $81 996 $6245$aThe ethical theory of George Edward Moore$9(OLS)http://semarc/title/89431 LEADER 01099nam a2200253 i 4500 001 000000065236 003 CaOOAMICUS 005 20130808000000.0 008 130808s1988 it u000 u ita u 013 $a36408 020 $a88-7198-010-7 040 $aSeMil$bita 100 1 $aOtt, Hugo,$d<1931-2022>.$0(OLS)http://semarc/name/24079 245 10$aMartin Heidegger :$bsentieri biografici /$cHugo Ott ; prefazione di Carlo Sini ; a cura di Flavio Cassinari. Martin Heidegger : Unterwegs zu seiner Biographie. 260 $aMilano :$bSugarCo,$c1988. 300 $aIX, 338 p. ;$c24 cm. 700 1 $aCassinari, Flavio.$0(OLS)http://semarc/name/32804 700 1 $aSini, Carlo,$d<1933- >.$0(OLS)http://semarc/name/2635 850 $aSeMil 852 $aSeMil$W1$xVenegono$y1$m2P VI 32$j31389$B31389$CSeMilBibl$Z2$F31392 $81 961 $aOmaggio: Conti don Ermenegildo 996 $6020$a88-7198-010-7$9(OLS)http://semarc/number/42486 996 $6245$aMartin Heidegger :$bsentieri biografici$9(OLS)http://semarc/title/103500 996 $6260$aMilano :$bSugarCo$9(OLS)http://semarc/publisher/30260